000 00842nam a2200229 a 4500
005 20191224041614.0
008 140303b1989 ck ||||| |||| 00| 0 spa d
040 _aCO-BoIAVH
_cCO-BoIAVH
041 _aspa
044 _ack
082 1 0 _a591.35
_bM84v
100 1 _aMoreno Bejarano, Luz Myriam
245 1 _aVariaciones en la comunidad animal alojada en el jardín zoológico de Barranquilla durante el período comprendido entre Septiembre 1987 - Marzo 1989
260 _aBarranquilla:
_bEmpresas Públicas Municipales de Barranquilla,
_bJardín Zoológico,
_c1989.
300 _a84 páginas
650 1 _aConservación ex situ
650 _aParques zoológicos
650 1 _aConservación de fauna
650 1 _aManejo de fauna
662 _aColombia
_dBarranquilla
_bAtlántico
942 _cLIBRO
_2ddc
999 _c1816
_d1816